00421nam a2200157Ia 4500008004100000020001400041082001400055100002400069245002700093250000700120260004500127300003000172500001900202600002700221650001500248240925s9999 xx 000 0 und d a130908703 a629.8 GOO aGoodwin, ,Graham C. 0aControl System Design  aNA aNew Jersey:bPrintice- Hall Int.c,2001. axvi,1156p.bNAfPhotocopy aIncludes Index aEngineering Technology aTechnology